| 000 | 00455nam a2200193Ia 4500 | ||
|---|---|---|---|
| 005 | 20240823053717.0 | ||
| 008 | 240823s9999||||xx |||||||||||||| ||und|| | ||
| 020 | _a0-07-059114-8 | ||
| 041 | _aENGLISH | ||
| 082 | _A621.4021 P5 | ||
| 100 | _aNag P K | ||
| 245 | 0 | _aEngineering Thermodynamics | |
| 250 | _a3rd | ||
| 260 |
_c2005 _b"Tata Mcgraw Hill,New" |
||
| 500 | _aYES | ||
| 650 |
_aThermodynamics _bMechanical |
||
| 942 | _cBK | ||
| 999 |
_c224775 _d224775 |
||